Virtualizácia serverov - trvalé a udržateľné zníženie nákladov

Virtualizácia serverov ako jeden zo spôsobov ako zabezpečiť trvalé a udržateľné zníženie nákladov a tiež spôsob prechodu k takzvanej "cloud ready" architektúre. Koncept virtualizácie. Virtualizačný server. Problémy súvisiace s virtualizáciou.

Salvato in:
Dettagli Bibliografici
Autore principale: Hluštík, Mário
Natura: Capitolo di libro
Lingua:slovacco
Soggetti:
Tags: Aggiungi Tag
Nessun Tag, puoi essere il primo ad aggiungerne!!

MARC

LEADER 00000naa a2200000 4500
001 0124197
005 20230929121215.9
041 0 |a slo 
044 |a SK 
245 1 0 |a Virtualizácia serverov - trvalé a udržateľné zníženie nákladov  |c Mário Hluštík 
520 |a Virtualizácia serverov ako jeden zo spôsobov ako zabezpečiť trvalé a udržateľné zníženie nákladov a tiež spôsob prechodu k takzvanej "cloud ready" architektúre. Koncept virtualizácie. Virtualizačný server. Problémy súvisiace s virtualizáciou. 
610 2 0 |a manažment informačný 
610 2 0 |a systémy informačné 
610 2 0 |a znižovanie nákladov 
610 2 0 |a servery 
100 1 |a Hluštík, Mário